Best XI’s of the 2024/25 Premier League - Statistics

General Stats
  • This quiz has been taken 118 times
  • The average score is 133 of 220
Answer Stats
Hint Answer % Correct
Arsenal: GK- Spain David Raya
100%
Wolverhampton Wanderers GK- Portugal Jose Sa
97%
CB- France William Saliba
96%
RW- England Bukayo Saka
95%
CB- Brazil Gabriel
95%
ST- Germany Kai Havertz
95%
CM- Norway Martin Odegaard
95%
LW- Brazil Gabriel Martinelli
93%
RB- England Ben White
92%
CM- England Declan Rice
92%
CAM- England Morgan Gibbs-White
92%
CDM- Ghana Thomas Partey
92%
Aston VillaGK- Argentina Emiliano Martinez
91%
CB- Argentina Lisandro Martinez
91%
LB- England Miles Lewis-Skelly
88%
Manchester United GK- Cameroon Andre Onana
87%
CM- Argentina Enzo Fernandez
87%
CM- Ecuador Moises Caicedo
87%
CAM- Portugal Bruno Fernandes
85%
LB- Spain Marc Cucurella
85%
ST- England Ollie Watkins
85%
CAM- England Cole Palmer
84%
LM- Colombia Luis Diaz
84%
CB- Portugal Ruben Dias
84%
LiverpoolGK- Brazil Alisson
83%
EvertonGK- England Jordan Pickford
83%
CB- Netherlands Micky Van de Ven
83%
ST- Senegal Nicolas Jackson
83%
RM- Portugal Bernardo Silva
81%
Manchester CityGK- Brazil Ederson
81%
RM- Egypt Mohamed Salah
81%
RB- England Trent Alexander Arnold
81%
CB- Netherlands Virgil Van Dijk
81%
CM- Belgium Youri Tielemans
81%
RM- Cameroon Bryan Mbeumo
80%
ST- Portugal Diogo Jota
80%
CB- Croatia Josko Gvardiol
80%
LM- Japan Kaoru Mitoma
80%
CAM- Belgium Kevin De Bruyne
80%
RB- Poland Matty Cash
80%
ST- Egypt Omar Marmoush
80%
CB- Spain Pau Torres
80%
LM- Portugal Pedro Neto
80%
ChelseaGK- Spain Robert Sanchez
80%
CM- Argentina Alexis Mac Allister
79%
CAM- Hungary Dominik Szoboszlai
79%
CB- France Ibrahima Konate
79%
CM- Germany Ilkay Gundogan
79%
RM- Scotland John McGinn
79%
BournemouthGK- Spain Kepa Arrizabalaga
79%
LB- Ecuador Pervis Estupinan
79%
FulhamGK- Germany Bernd Leno
76%
Crystal PalaceGK- England Dean Henderson
76%
LB- Greece Kostas Tsimikas
76%
CB- England Levi Colwill
76%
RB- France Malo Gusto
76%
LB- Hungary Milos Kerkez
76%
ST- Denmark Rasmus Hojlund
76%
CM- Netherlands Ryan Gravenberch
76%
CB- France Wesley Fofana
76%
RWB- Portugal Diogo Dalot
75%
CB- England Ezri Konsa
75%
CAM- Senegal Ismaila Sarr
75%
ST- England Jamie Vardy
75%
CB- Netherlands Matthjis De Ligt
75%
CAM- England Morgan Rogers
75%
CM- Senegal Pape Sarr
75%
CAM- England Eberechi Eze
73%
ST- Brazil Joao Pedro
73%
CB- England Marc Guehi
73%
Newcastle United GK- England Nick Pope
73%
Brighton & Hove AlbionGK- Netherlands Bart Verbruggen
72%
ST- France Jean Philippe Mateta
72%
LM- Brazil Savinho
72%
ST- Sweden Alexander Isak
71%
CB- Argentina Cristian Romero
71%
LB- Netherlands Ian Maatsen
71%
CM- England Kobbie Mainoo
71%
CB- France Lenny Yoro
71%
RM- England Noni Madueke
71%
LM- South Korea Son Heung-Min
71%
ST- New Zealand Chris Wood
69%
CAM- Netherlands Justin Kluivert
69%
CDM- Italy Sandro Tonali
69%
LB- Ukraine Vitaliy Mykolenko
69%
LM- DR Congo Yoane Wissa
69%
CAM- Ivory Coast Amad Diallo
68%
CM- France Boubacar Kamara
68%
CM- Brazil Bruno Guimaraes
68%
CB- Spain Dean Huijsen
68%
Tottenham HotspurGK- Italy Guglielmo Vicario
68%
CB- Ukraine Illya Zabarnyi
68%
BrentfordGK- Netherlands Mark Flekken
68%
RB- Portugal Matheus Nunes
68%
LM- Nigeria Alex Iwobi
67%
LW- England Anthony Gordon
67%
LM- Ghana Antoine Semenyo
67%
LB- USA Antonee Robinson
67%
RM- Sweden Dejan Kulusevski
67%
CM- Brazil Joelinton
67%
RB- England Kieran Trippier
67%
ST- England Liam Delap
67%
CM- Denmark Christian Norgaard
65%
RWB- Colombia Daniel Munoz
65%
ST- Brazil Evanilson
65%
CB- Switzerland Fabian Schar
65%
CAM- England James Maddison
65%
CM- USA Tyler Adams
65%
ST- England Dominic Solanke
64%
CAM- Denmark Mikel Damsgaard
64%
RB- Spain Pedro Porro
64%
LM- Sweden Anthony Elanga
61%
CM- Cameroon Carlos Baleba
61%
LB- Italy Destiny Udogie
61%
LM- England Jacob Ramsey
61%
RB- Ghana Tariq Lamptey
61%
CM- Nigeria Wilfried Ndidi
61%
RM- Spain Adama Traore
60%
ST- Portugal Beto
60%
CB- Denmark Joachim Andersen
60%
Nottingham Forest GK- Belgium Matz Sels
60%
CB- Netherlands Sven Botman
60%
CAM- Brazil Andreas Pereira
59%
CB- Netherlands Jan Paul Van Hecke
59%
CM- Colombia Jefferson Lerma
59%
CM- Uruguay Manuel Ugarte
59%
West Ham United GK- France Alphonse Areola
57%
CM- Senegal Idrissa Gueye
57%
CB- England James Tarkowski
57%
RM- England Jarrod Bowen
57%
CAM- Brazil Lucas Paqueta
57%
CM- Spain Nico Gonzalez
57%
CM- Czech Republic Tomas Soucek
57%
CB- USA Chris Richards
56%
CB- France Maxence Lacroix
56%
CB- Brazil Murillo
56%
CM- Mali Yves Bissouma
56%
RB- Wales Neco Williams
55%
ST- Germany Niclas Fullkrug
55%
CAM- Mali Abdoulaye Doucoure
53%
CAM- England Danny Welbeck
53%
CB- Jamaica Ethan Pinnock
53%
RW- England Harvey Barnes
53%
RB- Netherlands Kenny Tete
53%
LB- England Lewis Hall
53%
CB- Serbia Nikola Milenkovic
53%
CB- Nigeria Calvin Bassey
52%
RM- Burkina Faso Dango Ouattara
52%
LM- Ghana Mohammed Kudus
52%
CM- Scotland Ryan Christie
52%
LWB- England Tyrick Mitchell
52%
CB- England Jarrad Branthwaite
51%
CAM- Brazil Matheus Cunha
51%
ST- Brazil Rodrigo Muniz
51%
CM- Serbia Sasa Lukic
51%
CM- Denmark Mathais Jensen
49%
CB- Ireland Nathan Collins
49%
Southampton GK- England Aaron Ramsdale
48%
LM- Senegal lliman Ndiaye
48%
LeicesterGK- Denmark Mads Hermansen
48%
LB- Nigeria Ola Aina
48%
LWB- Algeria Rayan Ait-Nouri
48%
CM- England Will Hughes
48%
RM- England Callum Hudson-Odoi
47%
RB- England James Justin
47%
CM- Norway Sander Berge
47%
CM- England Elliot Anderson
45%
LB- Italy Emerson
45%
RB- Mexico Julian Araujo
45%
ST- Germany Kevin Schade
45%
Ipswich TownGK- Kosovo Arijanet Muric
43%
CAM- Morocco Bilal El Khannouss
43%
CB- Poland Jan Bednarek
43%
CB- England Conor Coady
41%
RM- France Georginio Rutter
41%
CM- England Jack Hinshelwood
41%
LWB- Netherlands Patrick Dorgu
41%
CM- Brazil Joao Gomes
40%
LB- England Leif Davis
40%
CM- Argentina Nicolas Dominguez
40%
CB- Portugal Toti Gomes
40%
CB- Brazil Igor Julio
39%
ST- Norway Jorgen Strand Larsen
39%
RM- England Jack Harrison
37%
LB- England Nico O'Reilly
37%
CM- Egypt Sam Morsy
37%
LM- England Stephy Mavididi
37%
RWB- Portugal Nelson Semedo
36%
RB- Ireland Jake O’Brien
35%
RB- Norway Kristoffer Ajer
35%
CB- Italy Caleb Okoli
33%
LM- Paraguay Julio Enciso
33%
CB- England Max Kilman
33%
CAM- England Omari Hutchinson
33%
RM- Ghana Abdul Fatawu
32%
CB- France Jean Clair-Todibo
32%
RB- England Aaron Wan-Bissaka
31%
CM- France Boubakary Soumare
31%
LB- England Keane Lewis-Potter
31%
CAM- Spain Pablo Sarabia
31%
RB- England Ben Johnson
29%
CM- Spain Carlos Soler
29%
RWB- England Kyle Walker Peters
28%
LB- England Luke Thomas
28%
CM- Belgium Orel Mangala
28%
ST- Nigeria Paul Onuachu
28%
CAM- England Tyler Dibling
24%
CB- Ireland Dara O’Shea
21%
CM- Sweden Jens Cajuste
21%
CAM- Ghana Kamaldeen Sulemana
21%
CB-Urugay Santiago Bueno
21%
CM- France Jean-Ricner Bellegarde
20%
CB- England Jack Stephens
19%
CB- England Taylor Harwood-Bellis
17%
CB- Ivory Coast Emmanuel Agbadou
16%
RM- England Jaden Philogene
12%
CM- France Lesley Ugochukwu
12%
LWB- Ireland Ryan Manning
12%
CM- England Flynn Downes
9%
CB- England Ben Godfrey
8%
No matching quizzes found
Score Distribution
Percent of People with Each Score
Percentile by Number Answered
Your Score History
You have not taken this quiz